000 00294nam a22001337a 4500
008 170622b xxu||||| |||| 00| 0 eng d
020 _a9780495062943
041 _aeng
080 _25 ED
_a32
100 _a21
101 _aSHP
245 _aCOMPARATIVE POLITICS
_cHAUSS.CH
942 _2udc
_cBK
999 _c18851
_d18851